Statistics for European countries with a smaller population than Texas

Click here to take the quiz!

General Stats

  • This quiz has been taken 75 times
  • The average score is 35 of 38

Answer Stats

PopAnswer% Correct
1000Vatican
99%
33212San Marino
97%
78014Andorra
96%
1.3millEstonia
96%
4.7millIreland
96%
1.8millKosovo
96%
1.9millLatvia
96%
429000Malta
96%
5.2millNorway
96%
10millSweden
96%
340000Iceland
94%
2.8millLithuania
94%
37550Monaco
94%
626000Montenegro
94%
5.4millSlovakia
94%
8.7millAustria
93%
3.5millBosnia
93%
7.1millBulgaria
93%
5.7millDenmark
93%
5.5millFinland
93%
10.7millGreece
93%
590000Luxembourg
93%
2.1millMacedonia
93%
10.3millPortugal
93%
19.7millRomania
93%
2.0millSlovenia
93%
2.8millAlbania
91%
11.3millBelgium
91%
9.7millHungary
91%
7millSerbia
91%
3.5millMoldova
90%
4.1millCroatia
87%
17millNetherlands
87%
8.4millSwitzerland
87%
9.4millBelarus
86%
10.5millCzech Republic
84%
37815Liechtenstein
84%
848000Cyprus
77%

Score Distribution

Percentile by Number Answered

Percent of People with Each Score

Your Score History

You have not taken this quiz